| 000 | 01234nam0a22003131 4500 | ||
|---|---|---|---|
| 001 | rc\4950741 | ||
| 005 | 20260406094342.0 | ||
| 021 |
_aRU _b[66-43980] |
||
| 035 | _a(NLR Aleph) 008952789 | ||
| 090 |
_a9014147 _c9014147 |
||
| 100 | _a20130426d1966 |||y0rusy50 ca | ||
| 101 | 1 |
_arus _ceng |
|
| 102 | _aRU | ||
| 105 | _aa z |||a| | ||
| 200 | 1 |
_aХолмы Варны _e[Повесть _eДля сред. школьного возраста] _fПер. с англ. [И. Гуровой _gПослесл. А.С. Завадье] _gРис. Б. Дехтерева |
|
| 210 |
_aМосква _cДет. лит. _d1966 |
||
| 215 |
_a199 с. _cил. _d21 |
||
| 300 | _aПродолж. книги "Фиалковый венец" | ||
| 606 |
_aГуманисты эпохи Возрождения (д. л.) _2psbo |
||
| 700 | 1 |
_aТриз _bД. _f1909-1998 _gДжеффри _3RU\NLR\AUTH\77119803 _9102728 |
|
| 702 | 1 |
_aЗавадье _bА.С. _4080 |
|
| 702 | 1 |
_4440 _aДехтерев _bБ. А. _f1908-1993 _gБорис Александрович _3RU\NLR\auth\7768678 _951606 |
|
| 702 | 1 |
_aГурова _bИ. _4730 |
|
| 801 | 0 |
_aRU _bNLR _gpsbo |
|
| 801 | 1 |
_aRU _bELAR _2rusmarc |
|
| 852 |
_aNLR _j66-3/3344 |
||
| 942 | _cBOOK | ||
| 980 | _aNB | ||